| 000 | 00636nam a2200193Ia 4500 | ||
|---|---|---|---|
| 005 | 20250508152338.0 | ||
| 008 | 008 250505s9999 xx 000 0 eng d | ||
| 037 | _aTextual | ||
| 040 |
_aFEDL _beng _cFEDL |
||
| 041 |
_aeng _2eng |
||
| 084 |
_a330, HYD _qFEDL |
||
| 100 |
_aHyde Francis E. _9129616 |
||
| 245 | 0 | _aNew porspect of economics: An introductory textbook by members of the staff of the department of economics in the University of Liverpool | |
| 260 |
_aLiverpool _bLiverpool University Press _c1958 |
||
| 300 | _axiv,498p | ||
| 650 | _aEconomics | ||
| 942 |
_cTEXL _h330, HYD |
||
| 999 |
_c1335829 _d1335829 |
||